人口5~10万人の市町村 - Statistics

General Stats
  • This quiz has been taken 94 times
  • The average score is 158 of 233
Answer Stats
No 都道府県 市町村 人口 % Correct
286 長野県 佐久市 97,015
90%
279 大阪府 泉佐野市 99,489
88%
282 長崎県 大村市 97,634
88%
280 群馬県 桐生市 99,224
84%
283 鹿児島県 鹿屋市 97,574
84%
290 岡山県 津山市 95,116
84%
306 新潟県 三条市 90,004
82%
336 岐阜県 高山市 80,276
82%
359 京都府 舞鶴市 75,083
82%
488 千葉県 銚子市 53,356
82%
284 北海道 千歳市 97,436
80%
303 岩手県 北上市 91,942
80%
316 広島県 三原市 85,426
80%
319 京都府 亀岡市 84,596
80%
385 群馬県 渋川市 70,811
80%
401 東京都 特別区 千代田区 68,619
80%
294 山形県 酒田市 94,167
78%
307 鹿児島県 薩摩川内市 89,427
78%
313 福井県 坂井市 86,027
78%
356 北海道 室蘭市 75,603
78%
362 京都府 福知山市 74,749
78%
387 北海道 恵庭市 70,684
78%
427 福井県 敦賀市 61,589
78%
453 和歌山県 橋本市 57,839
78%
491 新潟県 村上市 52,694
78%
502 広島県 安芸郡 府中町 51,306
78%
288 大阪府 河内長野市 96,348
76%
293 埼玉県 八潮市 94,379
76%
295 茨城県 神栖市 93,779
76%
299 長野県 安曇野市 92,923
76%
301 埼玉県 東松山市 92,580
76%
305 新潟県 新発田市 90,401
76%
308 岩手県 花巻市 88,744
76%
309 富山県 射水市 88,608
76%
317 滋賀県 守山市 84,989
76%
323 三重県 伊賀市 83,605
76%
330 岐阜県 関市 81,991
76%
331 京都府 長岡京市 81,856
76%
332 滋賀県 近江八幡市 80,875
76%
339 秋田県 横手市 78,916
76%
340 千葉県 君津市 78,804
76%
346 愛知県 蒲郡市 77,435
76%
353 東京都 清瀬市 76,343
76%
365 新潟県 燕市 74,453
76%
373 大阪府 泉大津市 72,764
76%
382 愛知県 犬山市 71,014
76%
459 大阪府 泉南市 57,190
76%
472 埼玉県 秩父市 55,724
76%
482 大阪府 高石市 54,040
76%
281 岐阜県 可児市 98,061
73%
291 東京都 稲城市 95,028
73%
296 長野県 飯田市 93,529
73%
302 兵庫県 芦屋市 92,525
73%
312 滋賀県 甲賀市 86,102
73%
315 愛知県 あま市 85,571
73%
334 奈良県 大和郡山市 80,691
73%
338 宮城県 名取市 78,965
73%
348 山形県 米沢市 76,961
73%
357 京都府 京田辺市 75,235
73%
363 佐賀県 鳥栖市 74,707
73%
370 兵庫県 豊岡市 72,931
73%
381 埼玉県 吉川市 71,177
73%
389 秋田県 由利本荘市 70,225
73%
399 滋賀県 栗東市 68,994
73%
435 奈良県 天理市 60,617
73%
468 静岡県 湖西市 56,076
73%
470 京都府 向日市 55,828
73%
498 新潟県 南魚沼市 52,052
73%
278 埼玉県 坂戸市 99,645
71%
285 茨城県 筑西市 97,264
71%
321 千葉県 茂原市 84,368
71%
341 福井県 越前市 78,551
71%
350 東京都 国立市 76,816
71%
360 埼玉県 蕨市 75,016
71%
366 北海道 岩見沢市 74,226
71%
371 栃木県 日光市 72,851
71%
376 秋田県 大仙市 72,278
71%
390 埼玉県 鶴ヶ島市 70,068
71%
404 福井県 鯖江市 67,305
71%
411 和歌山県 田辺市 65,250
71%
423 宮城県 多賀城市 62,292
71%
463 和歌山県 紀の川市 56,682
71%
467 宮城県 気仙沼市 56,107
71%
471 北海道 石狩市 55,758
71%
473 福島県 南相馬市 55,675
71%
499 徳島県 鳴門市 51,622
71%
504 島根県 浜田市 50,755
71%
318 埼玉県 和光市 84,832
69%
326 愛知県 尾張旭市 83,057
69%
329 愛知県 知多市 82,137
69%
342 京都府 木津川市 78,548
69%
354 新潟県 柏崎市 76,086
69%
368 群馬県 館林市 73,502
69%
369 三重県 名張市 73,033
69%
372 岐阜県 中津川市 72,823
69%
375 愛知県 知立市 72,474
69%
392 山梨県 南アルプス市 69,770
69%
414 茨城県 鹿嶋市 64,853
69%
416 岐阜県 羽島市 64,684
69%
419 秋田県 大館市 64,331
69%
465 北海道 北広島市 56,602
69%
469 東京都 福生市 55,994
69%
478 福島県 伊達市 54,920
69%
501 茨城県 つくばみらい市 51,384
69%
506 宮城県 塩竈市 50,458
69%
510 滋賀県 野洲市 50,037
69%
292 千葉県 四街道市 94,802
67%
297 愛知県 日進市 93,264
67%
310 静岡県 袋井市 87,487
67%
311 大阪府 摂津市 87,124
67%
314 愛知県 北名古屋市 86,009
67%
324 東京都 狛江市 83,568
67%
327 神奈川県 綾瀬市 82,830
67%
328 静岡県 御殿場市 82,322
67%
335 大分県 中津市 80,644
67%
344 愛媛県 四国中央市 78,202
67%
345 埼玉県 本庄市 77,528
67%
378 福島県 須賀川市 72,106
67%
379 兵庫県 三木市 71,915
67%
394 東京都 武蔵村山市 69,585
67%
413 沖縄県 豊見城市 65,009
67%
417 沖縄県 名護市 64,659
67%
437 山形県 天童市 60,568
67%
439 石川県 加賀市 59,587
67%
445 愛知県 津島市 58,680
67%
457 大阪府 大阪狭山市 57,461
67%
466 福島県 白河市 56,438
67%
481 岩手県 滝沢市 54,562
67%
485 大阪府 四條畷市 53,451
67%
495 埼玉県 羽生市 52,188
67%
508 佐賀県 伊万里市 50,309
67%
287 福岡県 宗像市 96,708
65%
289 愛知県 江南市 96,147
65%
343 東京都 あきる野市 78,355
65%
355 山梨県 甲斐市 75,739
65%
380 愛知県 碧南市 71,726
65%
383 兵庫県 たつの市 70,864
65%
386 宮城県 登米市 70,709
65%
395 熊本県 天草市 69,440
65%
396 茨城県 石岡市 69,248
65%
407 長野県 塩尻市 65,821
65%
408 徳島県 阿南市 65,676
65%
421 長野県 伊那市 63,814
65%
429 千葉県 白井市 61,523
65%
430 熊本県 玉名市 61,464
65%
441 宮城県 栗原市 59,281
65%
445 愛知県 愛西市 58,680
65%
455 山口県 山陽小野田市 57,531
65%
476 長野県 茅野市 55,164
65%
483 和歌山県 岩出市 53,920
65%
486 埼玉県 日高市 53,420
65%
487 滋賀県 湖南市 53,384
65%
489 沖縄県 宮古島市 53,022
65%
492 岡山県 玉野市 52,651
65%
300 静岡県 島田市 92,722
63%
320 兵庫県 高砂市 84,369
63%
322 東京都 東大和市 83,619
63%
337 埼玉県 飯能市 79,187
63%
349 鹿児島県 姶良市 76,854
63%
351 栃木県 真岡市 76,714
63%
377 京都府 城陽市 72,218
63%
384 茨城県 笠間市 70,817
63%
388 福岡県 行橋市 70,680
63%
393 栃木県 大田原市 69,712
63%
405 大阪府 柏原市 66,978
63%
406 愛知県 清須市 66,677
63%
409 千葉県 八街市 65,441
63%
415 愛媛県 宇和島市 64,717
63%
425 大分県 佐伯市 61,806
63%
426 大阪府 藤井寺市 61,795
63%
428 愛知県 長久手市 61,531
63%
436 群馬県 藤岡市 60,585
63%
438 奈良県 大和高田市 59,703
63%
461 岐阜県 美濃加茂市 56,914
63%
462 宮崎県 日向市 56,815
63%
474 神奈川県 逗子市 55,488
63%
484 東京都 羽村市 53,798
63%
490 奈良県 桜井市 52,903
63%
304 栃木県 鹿沼市 90,696
61%
325 茨城県 牛久市 83,549
61%
333 大阪府 貝塚市 80,718
61%
347 奈良県 香芝市 77,232
61%
358 埼玉県 志木市 75,101
61%
361 茨城県 龍ケ崎市 74,886
61%
367 埼玉県 桶川市 73,651
61%
397 岡山県 総社市 69,153
61%
403 千葉県 香取市 67,608
61%
433 千葉県 旭市 61,051
61%
443 茨城県 常総市 58,887
61%
444 大分県 日田市 58,881
61%
449 石川県 野々市市 58,264
61%
458 青森県 十和田市 57,413
61%
460 千葉県 東金市 56,920
61%
480 香川県 観音寺市 54,586
61%
494 埼玉県 白岡市 52,269
61%
496 岐阜県 土岐市 52,181
61%
497 群馬県 安中市 52,077
61%
505 福島県 二本松市 50,495
61%
352 埼玉県 行田市 76,361
59%
374 福岡県 太宰府市 72,701
59%
402 愛知県 豊明市 68,302
59%
412 千葉県 袖ケ浦市 65,108
59%
420 熊本県 合志市 63,892
59%
451 愛知県 常滑市 58,232
59%
456 岐阜県 瑞穂市 57,515
59%
364 大阪府 交野市 74,617
57%
391 茨城県 守谷市 69,923
57%
398 福岡県 福津市 69,094
57%
400 京都府 八幡市 68,753
57%
410 山梨県 笛吹市 65,306
57%
422 静岡県 伊東市 62,300
57%
442 栃木県 下野市 59,013
57%
452 香川県 三豊市 58,066
57%
454 長野県 千曲市 57,599
57%
464 愛知県 田原市 56,654
57%
475 山口県 下松市 55,175
57%
500 宮城県 富谷市 51,524
57%
509 茨城県 稲敷郡 阿見町 50,171
57%
424 愛知県 みよし市 62,100
55%
434 福岡県 柳川市 60,976
55%
450 福岡県 八女市 58,253
55%
477 熊本県 宇城市 55,106
55%
507 鹿児島県 出水市 50,402
55%
298 愛知県 大府市 93,178
53%
418 埼玉県 北本市 64,498
53%
448 福岡県 古賀市 58,341
53%
431 沖縄県 糸満市 61,107
51%
440 福岡県 小郡市 59,312
51%
447 兵庫県 丹波市 58,416
51%
503 茨城県 坂東市 50,845
51%
432 埼玉県 蓮田市 61,087
49%
479 福岡県 直方市 54,745
49%
493 茨城県 那珂市 52,299
47%
No matching quizzes found
Score Distribution
Percent of People with Each Score
Percentile by Number Answered
Your Score History
You have not taken this quiz